Гамма-методы в рудной геологии

Bibliographische Detailangaben
Weitere Verfasser: Очкур А. П. (редактор)
Sprache:Russisch
Veröffentlicht: Ленинград, Недра, 1976
Schlagworte:
Format: MixedMaterials Buch
KOHA link:https://koha.lib.tpu.ru/cgi-bin/koha/opac-detail.pl?biblionumber=32955

MARC

LEADER 00000nam0a2200000 4500
001 32955
005 20231030205638.0
035 |a (RuTPU)RU\TPU\book\33267 
035 |a BOOK00000060 
090 |a 32955 
100 |a 20011210d1976 k y0rusy50 ca 
101 0 |a rus 
102 |a RU 
105 |a a z 001zy 
200 1 |a Гамма-методы в рудной геологии  |f Под ред. А. П. Очкура 
210 |a Ленинград  |c Недра  |d 1976 
215 |a 407 с.  |c ил. 
320 |a Библиогр. в конце разделов 
610 1 |a геология 
610 1 |a ядерная геология 
610 1 |a рудная геология 
610 1 |a излучения 
610 1 |a детекторы 
610 1 |a рентгенорадиометрия 
610 1 |a бериллий 
675 |a 550.835  |v 3 
702 1 |a Очкур  |b А. П.  |4 340 
801 0 |a RU  |b 63413507  |c 20011210  |g PSBO 
801 2 |a RU  |b 63413507  |c 20040715  |g PSBO 
942 |c BK